000 00965nam a2200277Ia 4500
003 OSt
005 20221005110631.0
006 a|||||r|||| 00| 0
007 ta
008 221004b |||||||| |||| 00| 0 hin d
020 _a8126308834 (hbk)
024 _a26733
037 _bGift, 10/05/2016,
_cTextual
040 _aCRL
_cCRL
_bhin
041 _2hin
_ahin
082 _aO152,6N26x, P4;P6
100 _aभारती, धर्मवीर
245 0 _aसाहित्य विचार और स्मृति
246 _aSāhitya vichār aur smṛuti
250 _aसंस्करण 3
260 _aनई दिल्ली
_bभारतीय ज्ञानपीठ भारत
_c2006
300 _a247पृ0
_ccm.
650 _aहिन्दी साहित्य
942 _hO152,6N26x, P4;P6
_cTEXL
_2cc
999 _c1019406
_d1019406